| 000 | 00449nam a22001697a 4500 | ||
|---|---|---|---|
| 003 | NUST - PNEC | ||
| 005 | 20170116181158.0 | ||
| 008 | 160121b xxu||||| |||| 00| 0 eng d | ||
| 020 | _a0071157557 | ||
| 040 | _cLIBRARY | ||
| 082 | _a621.402JAL | ||
| 100 |
_916166 _aJaluria, Yogesh |
||
| 245 |
_aDesign and optimization of thermal systems _c Yogesh Jaluria, |
||
| 260 | _cc1992. | ||
| 650 |
_916167 _aEngineering design _xME |
||
| 942 |
_2ddc _cBK |
||
| 999 |
_c71339 _d71339 |
||